000 01332nam a22002297a 4500
999 _c59849
_d59849
003 Ge_BSU
005 20230428113701.0
008 230428s2000 ge ||||| |||| 00| 0 geo d
020 _a9992877626
041 _ageo
080 _a94(479.22)+ 008.1(479.22:44) ბ-19
245 _aპარიზის საერთაშორისო კოლოკვიუმი :
_bმასალები : [კრებული] /
_cრედ.: ნათელა ლაღიძე, გივი სიდამონიძე.
264 _aთბილისი :
_b თბილ. უნ-ტის გამ-ბა,
_c2000.
300 _a122გვ. ;
_b20სმ.
500 _aპარალ. თავფ. ფრანგ. ენ. ტექსტი ქართ. და ფრანგ. ენ.
653 _aსაქართველო-საფრანგეთის ურთიერთობების ისტორია
653 _aქართული კულტურა
653 _aქართულ-ფრვნგული კულტურული ურთიერთობები
700 _aლაღიძე, ნათელა
_eრედაქტორი
_917855
700 _aსიდამონიძე, გივი
_eრედაქტორი
_917856
942 _2udc
_cBK